| 000 | 01230nam a22002777a 4500 | ||
|---|---|---|---|
| 003 | PE SENCICO BE | ||
| 005 | 20251020182640.0 | ||
| 008 | 230712b |||||||| |||| 00| 0 eng d | ||
| 040 |
_aPE SENCICO BE _cPE SENCICO BE |
||
| 041 | _aspa | ||
| 084 |
_aI _aTOP _a2015 _bR81 |
||
| 100 | 1 |
_91237 _aRomani Cam, Aldo Daniel _eautor |
|
| 245 | 1 |
_aLevantamientos y controles topográficos para el planteamiento, diseño y construcción de líneas de transmisión eléctrica con equipos GPS y estaciones totales / _cAldo Daniel Romani Cam |
|
| 260 |
_aLima : _c2015 |
||
| 300 |
_a41 h. : _bil. col., diagrs., tabls. ; _c29 cm. |
||
| 502 | _aMonografía de Titulación.-- Servicio Nacional de Capacitación para la Industria de la Construcción. Escuela Superior Técnica. Carrera Profesional Técnica en Topografía y Geodesía, 2015. | ||
| 504 | _aBibliografía: h. 40-41. | ||
| 650 | 1 | 4 |
_94 _aTopografía |
| 650 | 2 | 4 |
_9116 _aLevantamiento topográfico |
| 650 | 2 | 4 |
_91105 _aDistribución de energía eléctrica |
| 650 | 2 | 4 |
_91232 _aPlanimetría |
| 650 | 2 | 4 |
_9911 _aGPS |
| 710 | 1 |
_aServicio Nacional de Capacitación para la Industria de la Construcción. _bEscuela Superior Técnica _91065 |
|
| 910 |
_bhfp _chfp |
||
| 942 | _cMON | ||
| 999 |
_c4245 _d4245 |
||